1536 1440 1366 1249 1538 1212 1971 1736 1503 1232 1416 1662 1033 1354 1397 1592 1658 1014 1383 1858 1052 1856 1916 1017 1474 1674 1531 1662 1678 1004 1919 1008 1629 1601 1287 1935 1528 1362 1380 1862 1629 1745 1871 1724 1423 1623 1326 1919 1655 1968 1979 1280 1692 1950 1021 1927 1347 1811 1077 1766 1264 1843 1020 1545 1282 1617 1415 1766 1540 1178 1526 1212 1776 1091 1558 1354 1246 1411 1960 1943 1469 1501 1456 1991 1983 1557 1273 1382 1792 1902 1330 1171 1454 1843 1539 1654 1344 1893 1423 BCNSPRNW ULIB Ver.6.0+V

เปลี่ยนเป็นภาษาไทย

Change to English
 แสดงรายละเอียดบรรณานุกรม
  กลับหน้าหลัก

Brief Record : Get Marc (ISO 2709) : E-mail record : QR code < ปิดหน้าต่าง
LEADER : 00000nam 2200000uu 4500
001    13399122894
003     ULIB
008    131028s2014||||th 000 0 eng d
020    ^a9780323065375
040    ^aswpr
060 04 ^aWY49^bG971n
100 1  ^aGulanick, Meg
245 10 ^aNursing care plans :^bdiagnoses, interventions, andoutcomes /^cMeg Gulanick, Judith L. Myers
250    ^a7th ed.
260    ^aSt. Louis :^bElsevier Mosby,^c2014
300    ^axiii, 991 p. :^bill. ;^c28 cm.
650  2 ^aNursing Care^xhandbooks
650  2 ^aNursing Diagnosis^xhandbooks
650  2 ^aOutcome Assessment (Health Care)^xhandbooks
650  2 ^aPatient Care Planning^xhandbooks
700 1  ^aMyers, Judith L.
945    ^p59^l0^i034112
999    ^aเกษร โพธิ์สุวรรณ
รายการนี้ยังไม่มีแท็ก
คุณยังไม่ได้ล็อกอิน คุณสามารถมีกิจกรรมร่วมกับเว็บไซต์ได้ แต่ต้องล็อกอินก่อน ::
  ล็อกอิน

รายการสื่อสารสนเทศ

ลำดับที่ ประเภท เลขเรียก/บาร์โค้ด สถานที่ สถานะ
1. Book การพยาบาล
Book การพยาบาล
WY49 G971n  
  Barcode: 034112
ห้องสมุดวิทยาเขตสวรรค์ประชารักษ์
►หนังสือทั่วไป
บนชั้น

รายการใกล้เคียง
    ผู้แต่ง [Gulanick, Meg]

BibComment


ยังไม่เคยถูกคอมเมนท์

คอมเมนท์ทรัพยากรรายการนี้
  คอมเมนท์: Nursing care pla..


 Copyright 2026. Bcnsprnw @Library